|
|
|
|
| LEADER |
00000nab a2200000 ar4500 |
| 001 |
vtls010076023 |
| 003 |
SK-MaSNL |
| 005 |
20260303192358.0 |
| 008 |
100316c1974 xo |r|p|||||||000 b|slo |
| 015 |
|
|
|a SNBRB1974
|
| 038 |
|
|
|a SNKBUCL
|
| 040 |
|
|
|a SNKBUCL
|b slo
|c SNKBUCL
|e AACR2
|
| 041 |
|
|
|a slo
|
| 044 |
|
|
|a xo
|c SK
|
| 080 |
|
|
|a 793.31
|2 1997
|
| 080 |
|
|
|a 784.4
|2 1997
|
| 100 |
1 |
|
|a Vrbická, Eva
|4 aut
|9 311417
|
| 245 |
1 |
0 |
|a Symbol národnej kultúry
|c Eva Vrbická
|
| 610 |
2 |
7 |
|a SĽUK (folklórny súbor)
|2 snkbucl
|9 32465
|
| 648 |
|
7 |
|a 25. výr. založenia
|2 snkbucl
|9 1039070
|
| 773 |
0 |
|
|t Práca
|g (16.11.1974), s. 6
|
| 852 |
|
|
|a SNK
|b KIS3GCP
|
| 958 |
|
|
|a SK
|
| 999 |
|
|
|c 2145873
|d 2147803
|